Quiz sur la musique francophone VOL1 - Statistiques

Statistiques générales
  • Ce quiz a été pris 52 fois
  • Le résultat moyen est 8 sur 15
Statistiques - réponses
Question Réponse % Correct
Qui a enregistré le tube "Fever" avec Dua Lipa? Angèle
91%
Sur quel titre Disiz et Théodora ont collaboré? Melodrama
91%
Lequel est un titre d'album de Zazie? Zen
70%
Quels singles ont été interprétés par Daniel Balavoine? L'Aziza / Sauver l'amour / Mon fils ma bataille
68%
Quel titre est interprété par Nekfeu? Egérie
61%
Quel artiste a participé à la cérémonie des Jeux Olympiques de paris en 2024? Zaho de Sagazan
55%
Quels singles ont été interprétés par Pierre Garnier? Ceux qu'on était / Chaque seconde / L'horizon
48%
Quelle chanteuse participe avec Andrea Bocelli sur « Vivo per lei » sorti en 1995? Hélène Ségara
45%
Qui est le chanteur du groupe Feu! Chatterton? Arthur Teboul
43%
Qui n'a pas participé à la Star Academy ? Chimène Badi
43%
Quel artiste masculin a remporté les victoires de la musique en 2026? Disiz
43%
Qui a sorti l'album "Des visages des figures" en 2001? Noir Désir
43%
Complète les paroles de "Et un jour une femme" de Florent Pagny : Et un jour, cette femme dont le regard vous touche Porte jusqu'à sa bouche le front d'un petit monde Et jusqu'au bout de soi, lui donne tout ce qu'elle a ... Chaque pas, chaque seconde, et jusqu'au bout du monde
41%
Quel titre ne figure pas sur l'album "D'eux" de Céline Dion? Encore un soir
41%
Qui n'a jamais enregistré un duo avec Vanessa Paradis? Alain Bashung
25%
Aucun quiz correspondant
Distribution des résultats
% des personnes avec chaque résultat
Percentile par nombre de réponses
Votre historique - résultats
Vous n’avez pas pris ce quiz